000 00482nam a22001817a 4500
003 LK-CoMWRAF
005 20231017134250.0
008 231017b1997 |||||||| |||| 00| 0 eng d
040 _aLK-CoMWRAF
_dLK-CoMWRAF
_eLK-CoMWRAF
041 _aeng
082 _a428
_bFER
100 _aFernando, Herman
245 _aNotes on R. K. Narayan's the English teacher
260 _aNagoda :
_bA Denuma publication
_c1997
650 _aR. K. Narayan
650 _aTeaching notes
942 _cBK
999 _c3912
_d3912